Thiên nhiên miền Bắc Việt Nam

Gespeichert in:
Bibliographische Detailangaben
1. Verfasser: V M Fritlan
Format: Buch
Sprache:Undetermined
Veröffentlicht: Hà Nội Nông thôn 1961
Schlagworte:
Tags: Tag hinzufügen
Keine Tags, Fügen Sie den ersten Tag hinzu!
Thư viện lưu trữ: Trung tâm Học liệu Trường Đại học Cần Thơ
LEADER 00494nam a2200169Ia 4500
001 CTU_10350
008 210402s9999 xx 000 0 und d
082 |a 915.97 
082 |b F919 
100 |a V M Fritlan 
245 0 |a Thiên nhiên miền Bắc Việt Nam 
245 0 |c V M Fritlan, Lê Thành Bá 
260 |a Hà Nội 
260 |b Nông thôn 
260 |c 1961 
650 |a vietnam - description and travel 
980 |a Trung tâm Học liệu Trường Đại học Cần Thơ